000 00286nam a22001337a 4500
008 170918b xxu||||| |||| 00| 0 eng d
020 _a0821215000
041 _aeng
080 _a7
100 _a44
101 _aART
245 _aAMERICAN IMPRESSIONISM
_cBOYLE,R.J
942 _2udc
_cBK
999 _c27926
_d27926